书目信息 |
| 题名: |
存在的片段
|
|
| 作者: | 纳乌里 著 ;王资 译 | |
| 分册: | ||
| 出版信息: | 北京 三联书店 2021.04 |
|
| 页数: | 320页 | |
| 开本: | 19cm | |
| 丛书名: | ||
| 单 册: | ||
| 中图分类: | K835.656 | |
| 科图分类: | ||
| 主题词: | 医生--yi sheng--生平事迹--法国--现代 | |
| 电子资源: | ||
| ISBN: | 978-7-80768-347-6 | |
| 000 | 01259nam0 2200289 450 | |
| 001 | 202021193644 | |
| 005 | 20211025120141.0 | |
| 010 | @a978-7-80768-347-6@b精装@dCNY58.00 | |
| 100 | @a20211002d2021 em y0chiy50 ea | |
| 101 | 1 | @achi@cfre |
| 102 | @aCN@b110000 | |
| 105 | @aa z 000yd | |
| 106 | @ar | |
| 200 | 1 | @a存在的片段@Acun zai de pian duan@f(法) 阿尔多·纳乌里著@d= Des bouts de l'existence@fAldo Naovri@g王资译@zfre |
| 210 | @a北京@c三联书店@c生活书店出版有限公司@d2021.04 | |
| 215 | @a320页@c图@d19cm | |
| 300 | @a知性书 | |
| 314 | @a阿尔多·纳乌里, 法国知名儿科医生及社会观察家。 | |
| 330 | @a本书记录了一位一生致力于救护、照顾儿童的医生的生命历程。作者就是故事的讲述者, 他与我们分享他自己的生活经历, 这些过往因其引发的情感而在记忆中不可磨灭。在整个回忆的过程中, 作者深情回顾了他自孩童至青年时期的一些关键而私密的时刻, 这些生命片段给他留下了深刻烙印, 并在后来构建了他作为一个男人和医生的存在。 | |
| 500 | 10 | @aBouts de l'existence@mChinese |
| 600 | 1 | @a纳乌里@Ana wu li@g(Naovri, Aldo)@x生平事迹 |
| 606 | 0 | @a医生@Ayi sheng@x生平事迹@y法国@z现代 |
| 690 | @aK835.656@v5 | |
| 701 | 1 | @a纳乌里@Ana wu li@g(Naovri, Aldo)@4著 |
| 702 | 0 | @a王资@Awang zi@4译 |
| 801 | 0 | @aCN@c20210909 |
| 905 | @a河南城建学院图书馆@dK835.656@eN041 | |
| 存在的片段/(法) 阿尔多·纳乌里著= Des bouts de l'existence/Aldo Naovri/王资译.-北京:三联书店:生活书店出版有限公司,2021.04 |
| 320页:图;19cm |
| 知性书 |
| ISBN 978-7-80768-347-6(精装):CNY58.00 |
| 本书记录了一位一生致力于救护、照顾儿童的医生的生命历程。作者就是故事的讲述者, 他与我们分享他自己的生活经历, 这些过往因其引发的情感而在记忆中不可磨灭。在整个回忆的过程中, 作者深情回顾了他自孩童至青年时期的一些关键而私密的时刻, 这些生命片段给他留下了深刻烙印, 并在后来构建了他作为一个男人和医生的存在。 |
| ● |
| 相关链接 |
|
|
|
正题名:存在的片段
索取号:K835.656/N041
 
预约/预借
| 序号 | 登录号 | 条形码 | 馆藏地/架位号 | 状态 | 备注 |
| 1 | 1542799 | 215427991 | 社科库309/309社科库 1排4列6层/ [索取号:K835.656/N041] | 在馆 | |
| 2 | 1542800 | 215428008 | 社科库309/309社科库 1排4列6层/ [索取号:K835.656/N041] | 在馆 |